000 00481nam a22001817a 4500
003 BD-ChCU
005 20260209092104.0
008 260209b bg ||||| |||| 00| 0 ben d
040 _cBD-ChCU
082 _a330.1 TAP
100 _aTaussig , F.W.
_920184
245 _aPrinciple of economics ./
_cF. W. Taussig .
250 _a4th ed.
260 _aNew York :
_bMacmillan ,
_cC 1961
300 _aVol. 1 & 2 .
650 0 _aEconomics , Theory of .
_920186
942 _2ddc
_cBK
_n0
999 _c111529
_d111529